000
00250nam a2200097Ia 4500
008
230907s9999||||xx |||||||||||||| ||und||
082
_a
621.3191
_b
CHA
245
0
_a
Power system dynamics and simulation /
260
_a
PHI Learning,
_c
2013
942
_c
BK
999
_c
599091
_d
599091